000 00340nam a22001577a 4500
003 SGT
020 _a9780323530545
082 _a617.8
_bM20D
100 _aDUFFY, JOSEPH R.
245 _aMOTOR SPEECH DISORDERS
250 _a4TH
260 _aEDINBURGH
_bELSEVIER PUB.
_c2020
300 _a497
650 _aAUDIOLOGY
942 _2ddc
_cBK
999 _c22971
_d22971